000 00444nam a2200181Ia 4500
008 240925s9999 xx 000 0 und d
020 _a9781911344568
082 _a330 YUN
100 _aYunus, Muhammad.
245 2 _aA World of Three Zeroes
250 _aNA
260 _aLondon:
_bScribe.
_c,2018.
300 _a141p.
_b0
_fOriginal
500 _aIncludes Index
600 _aSocial Sciences
650 _aSocial Sciences
942 _cBK
999 _c17146
_d17146